|
|
|
|
| LEADER |
00000naa a2200000 4500 |
| 001 |
vtls011929353 |
| 003 |
SK-MaSNL |
| 005 |
20260302133939.0 |
| 008 |
200416|2017 xo f|| |0|| ||slo |
| 015 |
|
|
|a SNBRA 2015
|2 svkbbbg
|
| 038 |
|
|
|a SVKBBBG
|
| 040 |
|
|
|a SVKBBBG
|b slo
|c SVKBBBG
|e rda
|
| 041 |
0 |
|
|a slo
|b eng
|
| 044 |
|
|
|a xo
|c SK
|
| 072 |
|
7 |
|a 14
|x Filozofické systémy a hľadiská
|2 konspekt
|
| 072 |
|
7 |
|a 17
|x Etika. Morálna filozofia
|2 konspekt
|
| 080 |
|
|
|a 17.02
|2 2011
|
| 100 |
1 |
|
|a Androvičová, Zlata,
|d 1955-
|4 aut
|9 200712
|
| 245 |
1 |
0 |
|a Niekoľko otázok o otázke zmyslu života
|c Zlata Androvičová
|
| 336 |
|
|
|a text
|b txt
|2 rdacontent
|
| 337 |
|
|
|a bez média
|b n
|2 rdamedia
|
| 338 |
|
|
|a zväzok
|b nc
|2 rdacarrier
|
| 504 |
|
|
|a Bibliografia na strane 174-175
|
| 546 |
|
|
|a Anglické resumé
|
| 650 |
0 |
7 |
|a zmysel života
|2 SNKPH
|9 4977
|
| 773 |
0 |
|
|t Filozofické formulácie zmyslu života
|d Banská Bystrica : Belianum : Univerzita Mateja Bela, 2017
|g S. 155-175
|z 9788055713762
|
| 852 |
|
|
|a SVKBB
|b KIS3GCP
|
| 958 |
|
|
|a NB
|
| 999 |
|
|
|c 1319313
|d 1321243
|